| 000 | 00400cam a2200145ua 4500 | ||
|---|---|---|---|
| 003 | OSt | ||
| 008 | 240213b |||||||| |||| 00| 0 eng d | ||
| 041 | _amal | ||
| 082 |
_a320.58G _bNAR/MA |
||
| 100 |
_aNarayana Pillai, M.R . _94349 |
||
| 245 | 0 | 0 | _aMahathma Gandhiyal ezhuthapetta arogyraksha / |
| 260 |
_aQuilon : _bSree Rama Vilasam Press & Book Depot , _c1963. |
||
| 300 | _a154 ; . | ||
| 942 | _cBK | ||
| 999 |
_c6478 _d6478 |
||